00526pab a2200157 454500008004000000100001400040245007400054260000900128300000900137650004100146700001500187773003900202909000900241999001500250952010300265180718b1989 xxu||||| |||| 00| 0 eng d aLeela, P. aInter - district variations in the consumption of fertilizers in A.P. c1989 a1-11 aFertilizers - India - Andhra Pradesh aP.V. Sarma aIndian Journal of Regional Science a8467 c8467d8467 00104070aIIPAbIIPAd2018-07-19hVolume no: 21, Issue no: 1pAR8481r2018-07-19w2018-07-19yAR